Primero la gente (Registro nro. 1746)

Detalles MARC
000 -LEADER
fixed length control field 00981 a2200241 4500
001 - CONTROL NUMBER
control field 28862
005 - DATE AND TIME OF LATEST TRANSACTION
control field 20260407155557.0
008 - FIXED-LENGTH DATA ELEMENTS--GENERAL INFORMATION
fixed length control field 260407a2011 arg spa d
003 - CONTROL NUMBER IDENTIFIER
control field AR-UNSa-BCEJYS
040 ## - CATALOGING SOURCE
Original cataloging agency AR-UNSa-BCEJYS
Language of cataloging spa
Transcribing agency AR-UNSa-BCEJYS
080 ## - UNIVERSAL DECIMAL CLASSIFICATION NUMBER
Universal Decimal Classification number 17
Common auxiliary subdivision Filosofía moral. Ética. Filosofía práctica
041 ## - LANGUAGE CODE
Language code of text/sound track or separate title spa
100 1# - MAIN ENTRY--PERSONAL NAME
Personal name Kliksberg, Bernardo
245 10 - TITLE STATEMENT
Title Primero la gente
Name of part/section of a work una mirada desde la ética del desarrollo a los principales problemas del mundo globalizado
250 ## - EDITION STATEMENT
Edition statement 9a. ed.
264 #1 - PRODUCTION, PUBLICATION, DISTRIBUTION, MANUFACTURE, AND COPYRIGHT NOTICE
Place of production, publication, distribution, manufacture Buenos Aires :
Name of producer, publisher, distributor, manufacturer Temas Grupo Editorial
Date of production, publication, distribution, manufacture, or copyright notice 2011
300 ## - PHYSICAL DESCRIPTION
Extent 348 p.
Dimensions 22 cm.
505 ## - FORMATTED CONTENTS NOTE
Formatted contents note 1. Temas claves del siglo XXI - 2. Los desafíos éticos abiertos en un continente paradojal - 3. Las religiones y la deuda social de nuestro tiempo
590 ## - LOCAL NOTE (RLIN)
Local note niveau_biblio:m niveau_hierar:0
700 1# - ADDED ENTRY--PERSONAL NAME
Personal name Sen, Amartya
856 41 - ELECTRONIC LOCATION AND ACCESS
Uniform Resource Identifier <a href="https://biblioeco.unsa.edu.ar/pmb/images/libros/Primero la gente-L118273.jpg">https://biblioeco.unsa.edu.ar/pmb/images/libros/Primero la gente-L118273.jpg</a>
Link text Imagen de portada
Electronic format type image/jpeg
942 ## - ADDED ENTRY ELEMENTS (KOHA)
Koha item type
Existencias
Withdrawn status Lost status Damaged status Not for loan Home library Current library Shelving location Date acquired Total checkouts Full call number Barcode Date last seen Price effective from Koha item type
        Biblioteca Prof. Eusebio Cleto del Rey Biblioteca Prof. Eusebio Cleto del Rey   07/04/2026   17 S474 9ed. L118272 07/04/2026 07/04/2026 Libro
        Biblioteca Prof. Eusebio Cleto del Rey Biblioteca Prof. Eusebio Cleto del Rey   07/04/2026   17 S474 9ed. L118273 07/04/2026 07/04/2026 Libro